000 00658nam a2200277Ia 4500
005 20260324144517.0
008 008 260324s9999 xx 000 0 eng d
020 _a9781003399421
037 _aEBOOK
040 _aCRL
040 _beng
040 _cCRL
041 _2eng
041 _aeng
084 _qCRL
100 _aElia Zureik; Fouad Moughrabi
_91219593
245 0 _aPublic Opinion and the Palestine Question
260 _bTaylor and Francis
260 _c1987
365 _a
365 _b145
856 _uhttp://www.taylorfrancis.com/books/9781003399421
942 _cEBOOK
999 _c1826289
_d1826289